| 000 | 00568nam a2200217Ia 4500 | ||
|---|---|---|---|
| 003 | GCL | ||
| 008 | 140319s9999 xx 000 0 eng d | ||
| 040 |
_aGCL / _cGCL |
||
| 082 | 0 | 4 |
_aCH _b843 _bA Q |
| 100 | 1 | _aVANOVERSCHELDE, PASCALE | |
| 245 | 1 | 0 |
_aLES QUATRE FILLES DU DR MARCH / _cVANOVERSCHELDE, PASCALE |
| 700 | 1 | _aALCOTT, LOUISA M. | |
| 700 | 1 | _aBALIGAND, CHANTAL | |
| 260 |
_a[S.N] : _bHEMMA |
||
| 300 | _a156 P | ||
| 650 | 0 | 4 | _aLITERATURE |
| 650 | 0 | 4 | _aFRENCH FICTION |
| 650 | 0 | 4 | _aFRENCH LITERATURE |
| 650 | 0 | 4 | _aCHILDREN - FICTION |
| 942 |
_2ddc _cBK |
||
| 999 |
_c14617 _d14617 |
||